[Event "Mittelfranken Landesliga Nord 2122"]
[Site "Mittelfranken"]
[Date "2022.05.29"]
[Round "9.2"]
[White "Linsenmeyer, Mario"]
[Black "Shpati, Ted"]
[Result "1/2-1/2"]
[WhiteElo "2174"]
[BlackElo "2174"]
[PlyCount "60"]
[EventDate "2021.10.24"]
[EventType "team-tourn"]
[EventRounds "9"]
[EventCountry "GER"]
[SourceTitle "EXT 2024"]
[Source "ChessBase"]
[SourceDate "2023.10.10"]
[SourceVersion "1"]
[SourceVersionDate "2023.10.10"]
[SourceQuality "1"]
[WhiteTeam "Herzogenaurach"]
[BlackTeam "Wuerzburg"]
[WhiteTeamCountry "GER"]
[BlackTeamCountry "GER"]

1. e4 d6 2. d4 Nf6 3. Nc3 g6 4. Nf3 Bg7 5. Bc4 0-0 6. 0-0 Nxe4 7. Nxe4 d5 8. Bd3 dxe4 9. Bxe4 c6 10. h3 Nd7 11. Bg5 Nf6 12. Bd3 Qc7 13. Re1 Be6 14. c3 Rad8 15. Qa4 a6 16. Rad1 Rfe8 17. Ne5 Nd7 18. Bf4 Nxe5 19. Bxe5 Bxe5 20. Rxe5 Rd5 21. Rxd5 Bxd5 22. c4 Be6 23. Qc2 Rd8 24. Be4 Qf4 25. d5 cxd5 26. cxd5 Rc8 27. Qd3 Bf5 28. Bxf5 Qxf5 29. d6 Qxd3 30. Rxd3 exd6 1/2-1/2

[Event "Mittelfranken Landesliga Nord 2122"]
[Site "Mittelfranken"]
[Date "2021.11.14"]
[Round "2.1"]
[White "Kolb, Tobias"]
[Black "Shpati, Ted"]
[Result "1/2-1/2"]
[WhiteElo "2369"]
[BlackElo "2174"]
[PlyCount "143"]
[EventDate "2021.10.24"]
[EventType "team-tourn"]
[EventRounds "9"]
[EventCountry "GER"]
[SourceTitle "EXT 2024"]
[Source "ChessBase"]
[SourceDate "2023.10.10"]
[SourceVersion "1"]
[SourceVersionDate "2023.10.10"]
[SourceQuality "1"]
[WhiteTeam "Bamberg SC"]
[BlackTeam "Wuerzburg"]
[WhiteTeamCountry "GER"]
[BlackTeamCountry "GER"]

1. d4 d6 2. c4 e5 3. Nf3 e4 4. Ng5 f5 5. Nc3 Nf6 6. g3 g6 7. Bg2 Bg7 8. h4 0-0 9. Nh3 Re8 10. Nf4 Nbd7 11. c5 dxc5 12. Qb3+ Kh8 13. h5 Nxh5 14. Nxh5 gxh5 15. d5 Ne5 16. Rxh5 c4 17. Qd1 c6 18. Bh6 Bxh6 19. Rxh6 Qg5 20. Rh4 c5 21. Qd2 Qxd2+ 22. Kxd2 Bd7 23. Rah1 Re7 24. f3 exf3 25. exf3 Rg8 26. d6 Rf7 27. f4 Ng6 28. Bd5 Nxh4 29. Bxf7 Rg7 30. Bd5 Ng6 31. Bxb7 Nf8 32. Ne2 Rg6 33. Rd1 Rxd6+ 34. Kc1 Rxd1+ 35. Kxd1 Kg7 36. Kd2 Be6 37. Kc3 Kf6 38. Ba6 Nd7 39. Bxc4 Nb6 40. b3 Bxc4 41. bxc4 Kg6 42. Nc1 Kh5 43. Nd3 Kg4 44. Nxc5 Kxg3 45. Ne6 h5 46. c5 Nc8 47. Ng7 Kg4 48. Kd4 h4 49. Ke3 h3 50. Kf2 Kxf4 51. Ne6+ Ke5 52. Ng5 Kd5 53. Nxh3 Kxc5 54. Ke3 Kb4 55. Kf4 Ne7 56. Ke5 Ka3 57. Ke6 Kxa2 58. Kxe7 a5 59. Nf4 a4 60. Ke6 a3 61. Kxf5 Kb1 62. Nd5 Kb2 63. Nb4 Kb3 64. Nd3 Kc3 65. Nc1 Kc2 66. Na2 Kb2 67. Nb4 Kb3 68. Nd3 Kc3 69. Nc1 Kc2 70. Na2 Kb2 71. Nb4 a2 72. Nxa2 1/2-1/2

[Event "Berlin Lichtenrade op 13th"]
[Site "Berlin"]
[Date "2017.11.02"]
[Round "6"]
[White "Shpati, Ted"]
[Black "Malek, Daniel"]
[Result "0-1"]
[WhiteElo "2048"]
[BlackElo "2405"]
[PlyCount "68"]
[EventDate "2017.10.28"]
[EventType "swiss"]
[EventRounds "9"]
[EventCountry "GER"]
[SourceTitle "CBM 181 Extra"]
[Source "ChessBase"]
[SourceDate "2017.12.12"]
[SourceVersion "1"]
[SourceVersionDate "2017.12.12"]
[SourceQuality "1"]

1. e4 e6 2. d4 d5 3. exd5 exd5 4. Nf3 Bd6 5. Bd3 Ne7 6. 0-0 Nbc6 7. c3 Bg4 8. Re1 Qd7 9. Nbd2 0-0-0 10. Nf1 f6 11. b4 Kb8 12. a4 Ng6 13. Be3 Nce7 14. a5 Nh4 15. Be2 Nxf3+ 16. Bxf3 h5 17. Be2 g5 18. b5 Nc8 19. Qb3 Bxe2 20. Rxe2 g4 21. Rae1 h4 22. Qb1 Rdg8 23. g3 f5 24. Qd3 Rf8 25. Bg5 hxg3 26. fxg3 f4 27. gxf4 Bxf4 28. Bxf4 Rxf4 29. Re5 Qf7 30. Ne3 g3 31. Nxd5 gxh2+ 32. Kh1 Rg4 33. b6 Qf2 34. bxa7+ Kxa7 0-1

[Event "Berlin Lichtenrade op 13th"]
[Site "Berlin"]
[Date "2017.11.01"]
[Round "5"]
[White "Foerster, Jonas"]
[Black "Shpati, Ted"]
[Result "1/2-1/2"]
[WhiteElo "2268"]
[BlackElo "2048"]
[PlyCount "207"]
[EventDate "2017.10.28"]
[EventType "swiss"]
[EventRounds "9"]
[EventCountry "GER"]
[SourceTitle "CBM 181 Extra"]
[Source "ChessBase"]
[SourceDate "2017.12.12"]
[SourceVersion "1"]
[SourceVersionDate "2017.12.12"]
[SourceQuality "1"]

1. d4 Nf6 2. Nf3 e6 3. c4 d5 4. Nc3 Be7 5. Bf4 0-0 6. e3 c5 7. dxc5 Bxc5 8. a3 Nc6 9. cxd5 exd5 10. Be2 a6 11. 0-0 Be6 12. Rc1 Ba7 13. Ne5 Rc8 14. Nxc6 Rxc6 15. Bf3 Qa5 16. Qd2 Rfc8 17. Rcd1 Rxc3 18. bxc3 Qxa3 19. Be5 Nd7 20. Bd4 Bb8 21. e4 Qd6 22. g3 dxe4 23. Bxe4 b5 24. Qg5 Qf8 25. Bb7 h6 26. Qe3 Re8 27. Rfe1 a5 28. f4 g6 29. Qf3 h5 30. Rb1 b4 31. cxb4 axb4 32. Bd5 Qd6 33. Rbd1 Nf8 34. Bxe6 Rxe6 35. Rxe6 Qxe6 36. Bf2 Bc7 37. f5 Qxf5 38. Qxf5 gxf5 39. Rd5 f4 40. Rxh5 Ng6 41. Rb5 fxg3 42. Bxg3 Bxg3 43. hxg3 Kg7 44. Kg2 Nf8 45. Rxb4 Ne6 46. Kf3 Kg6 47. Rb6 Kg5 48. Rd6 Kf5 49. Rd5+ Kf6 50. Kg4 Kg6 51. Ra5 Nd4 52. Rg5+ Kf6 53. Rg8 Ne6 54. Kh4 Nd4 55. Kh5 Nf5 56. g4 Ng7+ 57. Kh6 Ne6 58. Ra8 Ke5 59. Ra4 Kf6 60. Ra5 Ke7 61. g5 Kf8 62. Ra8+ Ke7 63. Ra6 Kd7 64. Ra5 Ke7 65. Rf5 Ke8 66. Rf2 Ke7 67. Rf6 Nf8 68. Kh5 Nd7 69. Ra6 Nf8 70. Kg4 Ng6 71. Rb6 Kf8 72. Kf5 Ne7+ 73. Ke5 Kg7 74. Rf6 Ng8 75. Ra6 Ne7 76. Rd6 Ng6+ 77. Ke4 Nh4 78. Rf6 Ng6 79. Kd5 Nf8 80. Ke4 Ng6 81. Kf5 Ne7+ 82. Kg4 Ng8 83. Ra6 Ne7 84. Ra7 Ng6 85. Ra4 Ne5+ 86. Kf5 Ng6 87. Re4 Nf8 88. Re7 Ng6 89. Re8 Nh4+ 90. Kf4 Ng6+ 91. Kg4 Nf8 92. Ra8 Ng6 93. Ra6 Ne5+ 94. Kf5 Nd7 95. g6 fxg6+ 96. Rxg6+ Kf7 97. Rh6 Ke7 98. Rg6 Kf7 99. Re6 Nf8 100. Rd6 Ke7 101. Rh6 Nd7 102. Ke4 Nf6+ 103. Kd4 Ke6 104. Rxf6+ 1/2-1/2

[Event "EU-ch U16 25th"]
[Site "Porec"]
[Date "2015.09.29"]
[Round "8"]
[White "Shpati, Ted"]
[Black "Schwab, Lukas"]
[Result "0-1"]
[WhiteElo "1918"]
[BlackElo "2155"]
[PlyCount "102"]
[EventDate "2015.09.21"]
[EventType "swiss"]
[EventRounds "9"]
[EventCountry "CRO"]
[SourceTitle "EXT 2016"]
[Source "ChessBase"]
[SourceDate "2015.10.08"]
[SourceVersion "1"]
[SourceVersionDate "2015.10.08"]
[SourceQuality "1"]

1. e4 e5 2. Nf3 Nc6 3. Bb5 a6 4. Bxc6 dxc6 5. Nc3 Bd6 6. d4 exd4 7. Qxd4 f6 8. Be3 Ne7 9. Rd1 Be6 10. 0-0 0-0 11. Qd2 Ng6 12. Nd4 Bc4 13. Rfe1 Re8 14. Nf5 Bb4 15. a3 Qxd2 16. Bxd2 Bf8 17. Be3 Rad8 18. f3 Be6 19. Rxd8 Rxd8 20. Rd1 Rxd1+ 21. Nxd1 Bxf5 22. exf5 Nh4 23. Bf4 Nxf5 24. Bxc7 Nd4 25. c3 Ne6 26. Bg3 Kf7 27. Kf1 Nc5 28. Ke2 Ke6 29. c4 Nd7 30. Kd3 b5 31. Ne3 Bc5 32. cxb5 cxb5 33. Nc2 Ne5+ 34. Kc3 Nc6 35. Bf4 Kd5 36. Be3 Bd6 37. h3 Be5+ 38. Kb3 a5 39. Ne1 Nd4+ 40. Ka2 Kc4 41. Kb1 Bg3 42. Nc2 Nf5 43. Kc1 Nxe3 44. Nxe3+ Kd3 45. Nf5 Bf4+ 46. Kd1 Be5 47. Kc1 Ke2 48. Nxg7 Kf2 49. g4 Kg3 50. Nf5+ Kxh3 51. Kc2 Kg2 0-1

[Event "EU-ch U16 25th"]
[Site "Porec"]
[Date "2015.09.23"]
[Round "3"]
[White "Shpati, Ted"]
[Black "Sawlin, Leonid"]
[Result "0-1"]
[WhiteElo "1918"]
[BlackElo "2258"]
[PlyCount "102"]
[EventDate "2015.09.21"]
[EventType "swiss"]
[EventRounds "9"]
[EventCountry "CRO"]
[SourceTitle "EXT 2016"]
[Source "ChessBase"]
[SourceDate "2015.10.08"]
[SourceVersion "1"]
[SourceVersionDate "2015.10.08"]
[SourceQuality "1"]

1. e4 e6 2. d4 d5 3. e5 c5 4. c3 Qb6 5. Nf3 Bd7 6. a3 a5 7. Bd3 Bb5 8. 0-0 Bxd3 9. Qxd3 c4 10. Qc2 a4 11. Bg5 Nc6 12. Nbd2 Qb5 13. Rab1 h6 14. Bh4 g5 15. Bg3 Nge7 16. h3 0-0-0 17. Rfe1 Ng6 18. Nf1 Be7 19. Ne3 h5 20. Nd2 Rdg8 21. Qd1 Rg7 22. f3 Nf4 23. Bxf4 gxf4 24. Nef1 Rhg8 25. Re2 Bh4 26. Nh2 Ne7 27. Ndf1 Nf5 28. Rc1 Ne3 29. Nxe3 fxe3 30. Rcc2 Bf2+ 31. Rxf2 exf2+ 32. Rxf2 Rxg2+ 33. Rxg2 Rxg2+ 34. Kxg2 Qxb2+ 35. Kg1 Qxc3 36. Qxa4 Qxd4+ 37. Kg2 Qd2+ 38. Kg1 Qg5+ 39. Kh1 Qc1+ 40. Kg2 Qb2+ 41. Kg1 c3 42. Qe8+ Kc7 43. Qe7+ Kb6 44. Qd8+ Kb5 45. Qa8 Kc5 46. Qa5+ Kc6 47. Qa4+ Kc7 48. Qe8 c2 49. Qxf7+ Kb8 50. Qe8+ Ka7 51. Qa4+ Kb6 0-1

[Event "EU-ch U16 25th"]
[Site "Porec"]
[Date "2015.09.21"]
[Round "1"]
[White "Shpati, Ted"]
[Black "Percivaldi, Martin"]
[Result "1/2-1/2"]
[WhiteElo "1918"]
[BlackElo "2246"]
[PlyCount "118"]
[EventDate "2015.09.21"]
[EventType "swiss"]
[EventRounds "9"]
[EventCountry "CRO"]
[SourceTitle "EXT 2016"]
[Source "ChessBase"]
[SourceDate "2015.10.08"]
[SourceVersion "1"]
[SourceVersionDate "2015.10.08"]
[SourceQuality "1"]

1. e4 e6 2. d4 d5 3. e5 c5 4. c3 Qb6 5. Nf3 Nc6 6. a3 c4 7. Nbd2 Na5 8. Be2 Bd7 9. 0-0 Ne7 10. Rb1 Qc7 11. Re1 Nc8 12. Nf1 Nb6 13. Bg5 h6 14. Bh4 g5 15. Bg3 Ba4 16. Qd2 Be7 17. h3 0-0-0 18. Bd1 Bxd1 19. Qxd1 Rdg8 20. N3d2 h5 21. Ne3 Qd8 22. Qe2 Qe8 23. f3 Kb8 24. Rf1 Ka8 25. Rbe1 Na4 26. Nb1 a6 27. Rf2 Qf8 28. Ref1 Qg7 29. Qc2 b5 30. Re2 Qh7 31. Qxh7 Rxh7 32. Be1 Nb3 33. Rc2 Kb7 34. Bg3 Kc6 35. Rcf2 Kd7 36. Nd2 a5 37. Nxb3 cxb3 38. Re2 Rc8 39. Nd1 Bd8 40. f4 gxf4 41. Bxf4 Bb6 42. Be3 Rc4 43. Rf4 Bd8 44. Ref2 Ke8 45. Kf1 Be7 46. R4f3 Rc8 47. Ke2 Nb6 48. Kd3 Nc4 49. Bc1 b4 50. axb4 axb4 51. Bd2 bxc3 52. Bxc3 Rg7 53. Ne3 Bh4 54. Re2 Kd7 55. Nxc4 Rxc4 56. Rf4 Rg3+ 57. Rf3 Rg7 58. Rf4 Bg3 59. Rf3 Ra4 1/2-1/2

[Event "EU-ch U18 24th"]
[Site "Batumi"]
[Date "2014.10.24"]
[Round "6"]
[White "Hakobyan, Hovhannes H"]
[Black "Shpati, Ted"]
[Result "1-0"]
[WhiteElo "1997"]
[BlackElo "1823"]
[PlyCount "105"]
[EventDate "2014.10.19"]
[EventType "swiss"]
[EventRounds "9"]
[EventCountry "GEO"]
[SourceTitle "EXT 2015"]
[Source "ChessBase"]
[SourceDate "2014.11.20"]
[SourceVersion "1"]
[SourceVersionDate "2014.11.20"]
[SourceQuality "1"]

1. e4 e5 2. Nf3 Nc6 3. d4 exd4 4. Nxd4 Nf6 5. Nxc6 bxc6 6. e5 Qe7 7. Qe2 Nd5 8. c4 Ba6 9. Nd2 Nb6 10. b3 g6 11. Bb2 Bg7 12. 0-0-0 0-0-0 13. f4 Rhe8 14. Qf2 Bb7 15. g3 d5 16. Bh3+ Kb8 17. c5 Nd7 18. b4 f5 19. Nb3 Nf8 20. Na5 Ne6 21. Bd4 Qd7 22. a4 Ka8 23. Rd2 Rb8 24. Ra2 Rf8 25. Rd1 g5 26. Bg2 gxf4 27. gxf4 Bh6 28. Be3 Qg7 29. Bh1 Rg8 30. Kb1 Qg4 31. Rg1 Qxg1+ 32. Qxg1 Rxg1+ 33. Bxg1 Rg8 34. Bf2 Nxf4 35. Kc2 Bg7 36. Bd4 Ne6 37. Kd3 Re8 38. Bc3 Nf4+ 39. Ke3 Ne6 40. Rg2 Bh8 41. Rg1 f4+ 42. Kd3 Rf8 43. Bf3 Kb8 44. Bg4 Ba6+ 45. b5 cxb5 46. Bxe6 f3 47. Nc6+ Ka8 48. Nb4 f2 49. Rf1 Bb7 50. axb5 Rf3+ 51. Kd2 Bg7 52. c6 Bh6+ 53. Kc2 1-0

[Event "EU-ch U14 23rd"]
[Site "Budva"]
[Date "2013.10.07"]
[Round "8"]
[White "Shpati, Ted"]
[Black "Sani, Leonardo"]
[Result "1-0"]
[WhiteElo "1772"]
[BlackElo "1854"]
[PlyCount "43"]
[EventDate "2013.09.29"]
[EventType "swiss"]
[EventRounds "9"]
[EventCountry "MNE"]
[SourceTitle "EXT 2014"]
[Source "ChessBase"]
[SourceDate "2013.11.20"]
[SourceVersion "1"]
[SourceVersionDate "2013.11.20"]
[SourceQuality "1"]

1. c4 c6 2. e4 d5 3. exd5 cxd5 4. d4 Nf6 5. Nc3 Nc6 6. Nf3 Bg4 7. Be3 Bxf3 8. Qxf3 e6 9. cxd5 Nxd5 10. Bc4 Bb4 11. Rc1 0-0 12. 0-0 Bxc3 13. bxc3 Qa5 14. Bf4 Nxf4 15. Qxf4 Rac8 16. Bb3 e5 17. Qg4 Ne7 18. Qf3 exd4 19. cxd4 Rxc1 20. Rxc1 Nc6 21. Qf4 Nb4 22. Qxf7+ 1-0

[Event "EU-ch U14 23rd"]
[Site "Budva"]
[Date "2013.10.06"]
[Round "7"]
[White "Sterck, Arno"]
[Black "Shpati, Ted"]
[Result "1-0"]
[WhiteElo "1860"]
[BlackElo "1772"]
[PlyCount "63"]
[EventDate "2013.09.29"]
[EventType "swiss"]
[EventRounds "9"]
[EventCountry "MNE"]
[SourceTitle "EXT 2014"]
[Source "ChessBase"]
[SourceDate "2013.11.20"]
[SourceVersion "1"]
[SourceVersionDate "2013.11.20"]
[SourceQuality "1"]

1. e4 c5 2. d4 cxd4 3. c3 dxc3 4. Nxc3 d6 5. Nf3 Nf6 6. Bc4 g6 7. Ng5 e6 8. e5 h6 9. exf6 hxg5 10. Bxg5 d5 11. Bb3 Nc6 12. 0-0 Bd6 13. h3 Be5 14. Re1 Kf8 15. Rxe5 Nxe5 16. Qd4 Nd7 17. Qb4+ Kg8 18. Re1 Qf8 19. Qf4 Nc5 20. Bc2 Bd7 21. b4 Na6 22. Nxd5 exd5 23. Re7 Re8 24. Rxd7 Qxb4 25. Bxg6 Re1+ 26. Kh2 Qxf4+ 27. Bxf4 fxg6 28. Rg7+ Kf8 29. Bd6+ Ke8 30. f7+ Kd8 31. Rg8+ Kd7 32. Rxh8 1-0